|
|
|
|
| LEADER |
00000nam a2200000 a 4500 |
| 001 |
vtls009850536 |
| 003 |
SK-MaSNL |
| 005 |
20260301082902.0 |
| 008 |
240315s1973 xo da e n 000 0 slo |
| 015 |
|
|
|a SNBA1973
|
| 035 |
|
|
|a (SVKBBclas03)vtls000246006
|
| 040 |
|
|
|a SNK
|b slo
|c SNK
|e AACR2
|
| 041 |
0 |
|
|a slo
|
| 044 |
|
|
|a xo
|c SK
|
| 080 |
|
|
|a 330.6:636/639(075.8)
|2 1981
|
| 100 |
1 |
|
|a Tršťanská, Alena,
|d 1939-
|4 aut
|9 40706
|
| 245 |
1 |
0 |
|a Organizácia pracovných procesov a práce v živočíšnej výrobe
|c Alena Trsťanská
|
| 250 |
|
|
|a 1. vyd.
|
| 260 |
|
|
|a Bratislava
|b Vysoká škola ekonomická
|c 1973
|
| 300 |
|
|
|a 206 s.
|b tab., sch.
|c 4°
|
| 366 |
|
|
|e 150 výt.
|
| 490 |
1 |
|
|a Vysokoškolské skriptá
|
| 504 |
|
|
|a Bibliogr. odkazy
|
| 650 |
0 |
7 |
|a živočíšna výroba
|2 SNKPH
|9 2836
|
| 650 |
0 |
7 |
|a výrobné procesy
|2 SNKPH
|9 49951
|
| 655 |
|
7 |
|a učebnice vysokých škôl
|2 SNKPH
|9 70191
|
| 830 |
|
0 |
|a Vysokoškolské skriptá
|9 276440
|
| 958 |
|
|
|a OND
|
| 958 |
|
|
|a RM
|
| 958 |
|
|
|a UV
|
| 958 |
|
|
|a NB
|
| 999 |
|
|
|c 659321
|d 661251
|
| 952 |
|
|
|a SNK
|b SNK
|y PREZ
|7 0
|p 17A0902399
|o snkSB 20358
|i snkKSP 1026/74
|0 0
|1 0
|4 0
|d 2014-04-25
|f 1
|l 0
|r 2025-03-26 00:00:00
|w 2026-02-23
|